name the most land bordered countries - Statistics

General Stats
  • This quiz has been taken 12 times
  • The average score is 8 of 11
Answer Stats
# of bordered countries Country % Correct
14 Russia
100%
10 Brazil
92%
14 China
92%
9 Democratic Republic of the Congo
92%
8 France
83%
9 Germany
83%
8 Austria
58%
8 Serbia
58%
8 Turkey
58%
8 Tanzania
50%
8 Zambia
50%
No matching quizzes found
Score Distribution
Percent of People with Each Score
Percentile by Number Answered
Your Score History
You have not taken this quiz